000 00389nam a2200169Ia 4500
008 230524s9999 xx 000 0 und d
020 _a9780195699616
082 _a4
_bTHA
100 _aReema Thareja
245 0 _aData Warehousing
250 _a1
260 _aNew Delhi
_bOxford
_c2017
300 _a"X,474p;"
500 _aQuantity Number: 137
650 _aComp.Sc
942 _cBK
999 _c58956
_d58956